| 000 | 01205nam0a22002891 4500 | ||
|---|---|---|---|
| 001 | rc\4873934 | ||
| 005 | 20130426145930.2 | ||
| 021 |
_aRU _bРг2579-62 |
||
| 035 | _a(NLR Aleph) 008823514 | ||
| 090 |
_a8237411 _c8237411 |
||
| 100 | _a20130426d1961 |||y0rusy50 ca | ||
| 101 | 1 |
_arus _cbul |
|
| 102 | _aRU | ||
| 105 | _ay z ||||| | ||
| 200 | 1 |
_aМитрофан Карпович Седин _e(К 100-летию со дня рождения) _eПамятка читателю _fКраснодарская краев. б-ка им. А.С. Пушкина. (Библиогр. отд.) |
|
| 210 |
_aКраснодар _cБ. и. _d1961 |
||
| 215 |
_a4 с. _d20 |
||
| 300 | _aНа 2-й с. обл. сост.: С. Тарасенков и А. Сахаров | ||
| 702 | 1 |
_aСахаров _bА. _4220 |
|
| 702 | 1 |
_aСедин _bМ. К. _gМитрофан Карпович _4570 |
|
| 702 | 1 |
_aТарасенков _bС. М. _f1907- _gСергей Макарович _4220 |
|
| 712 | 0 | 2 |
_aКраснодарская краевая библиотека им. А.С. Пушкина _3RU\NLR\AUTH\889963830 |
| 801 | 0 |
_aRU _bNLR _gpsbo |
|
| 801 | 1 |
_aRU _bELAR _2rusmarc |
|
| 852 |
_aNLR _j641/С-28 |
||
| 942 | _cBOOK | ||
| 980 | _aNB | ||